<?xml version="1.0" encoding="UTF-8"?>
<record
    xmlns:xsi="http://www.w3.org/2001/XMLSchema-instance"
    xsi:schemaLocation="http://www.loc.gov/MARC21/slim http://www.loc.gov/standards/marcxml/schema/MARC21slim.xsd"
    xmlns="http://www.loc.gov/MARC21/slim">

  <leader>01657nam a22001817a 4500</leader>
  <controlfield tag="003">IT-RoPau</controlfield>
  <controlfield tag="005">20220918175937.0</controlfield>
  <controlfield tag="008">121221b        xxu||||| |||| 00| 0 eng d</controlfield>
  <datafield tag="040" ind1=" " ind2=" ">
    <subfield code="c">IT-RoPau</subfield>
  </datafield>
  <datafield tag="100" ind1=" " ind2=" ">
    <subfield code="a">Alberione James [Giacomo]</subfield>
    <subfield code="q">Fondatore Famiglia Paolina</subfield>
    <subfield code="9">101</subfield>
  </datafield>
  <datafield tag="245" ind1=" " ind2=" ">
    <subfield code="a">The Last Things.</subfield>
    <subfield code="b">By Very Rev. James Alberione, S.S.P.,  S.T.D. Translated by the Daughters of St.Paul</subfield>
  </datafield>
  <datafield tag="250" ind1=" " ind2=" ">
    <subfield code="a">I</subfield>
  </datafield>
  <datafield tag="260" ind1=" " ind2=" ">
    <subfield code="a">Boston</subfield>
    <subfield code="b">FSP</subfield>
    <subfield code="c">1964</subfield>
  </datafield>
  <datafield tag="300" ind1=" " ind2=" ">
    <subfield code="a">357 p.</subfield>
    <subfield code="c">19 cm</subfield>
  </datafield>
  <datafield tag="490" ind1=" " ind2=" ">
    <subfield code="a">I</subfield>
    <subfield code="v">I</subfield>
  </datafield>
  <datafield tag="520" ind1=" " ind2=" ">
    <subfield code="a">                                  CONTENTS
    
                                      DEATH

Preface

I. What Death is
II.  Jesus, MOdel for the Dying
III.  Preparation for Death
IV. Use of the Means of Sanctification
V. The Detachment Death Demands
VI. The Way to Prpare for Death
VII. the Soul's Appearance Before God
VIII. The Examination of the Soul
IX. Sentence Is Pronounced Over the Soul
                                 
                                       PURGATORY

X. The Nature of Purgatory
XI. The Sufferings of Purgatory
XII. Duties Toward the Souls in Purgatory

                                       HEAVEN

XIII. The Nature of Heaven
XIV. Heaven is Glory
XV. In Heaven, We Shall Contemplate God,
      Supreme Truth
XVI. In Heaven We Shall See God,
       The Highest Good
XVII. Heaven is Bliss
XVIII. The Glory of the Blessed
XIX. The Blessed Eternity

                                               HELL

XX. Hell
XXI. The Pain of Sense in hell
XXII. The Pain of Loss in Hell

                               THE GENERAL JUDGEMENT

XXIII. The General Judgement
XXIV. The Purpose of the Judgment
Conclusion 
 
     </subfield>
  </datafield>
  <datafield tag="942" ind1=" " ind2=" ">
    <subfield code="2">ddc</subfield>
    <subfield code="c">BK</subfield>
  </datafield>
  <datafield tag="999" ind1=" " ind2=" ">
    <subfield code="c">37707</subfield>
    <subfield code="d">37707</subfield>
  </datafield>
  <datafield tag="952" ind1=" " ind2=" ">
    <subfield code="0">0</subfield>
    <subfield code="1">0</subfield>
    <subfield code="2">ddc</subfield>
    <subfield code="4">0</subfield>
    <subfield code="6">P_A8</subfield>
    <subfield code="7">1</subfield>
    <subfield code="a">PAULUS</subfield>
    <subfield code="b">PAULUS</subfield>
    <subfield code="d">2012-12-21</subfield>
    <subfield code="l">0</subfield>
    <subfield code="o">P A8</subfield>
    <subfield code="r">2012-12-21 00:00:00</subfield>
    <subfield code="w">2012-12-21</subfield>
    <subfield code="y">BK</subfield>
  </datafield>
</record>
